Gaming Quiz

Random Gaming or Board Games Quiz

Randomly Assorted Risk Territories Quiz Stats

 Plays Quiz Updated Mar 18, 2019

Score 0/42 Timer 07:00
1 Play Today
% Correct
Great
Britain
71.7%
Japan
69.2%
Iceland
62.2%
Middle East
61.5%
Alaska
59.7%
Scandinavia
59.3%
Brazil
59%
Argentina
58.7%
India
58%
Madagascar
57.4%
Southern
Europe
56.2%
Indonesia
54.9%
Western
Australia
54.7%
Eastern
Australia
54%
Central
America
49%
China
48.1%
South
Africa
47.7%
Western
United States
46.5%
Eastern
United States
45.3%
New Guinea
45.2%
East
Africa
45.1%
% Correct
Peru
44.9%
Greenland
44.8%
Ukraine
43.7%
Siam
42%
Kamchatka
41.7%
Western
Europe
40.2%
Venezuela
37.1%
Alberta
35.7%
North Africa
35.6%
Ural
35%
Egypt
32.7%
Siberia
30.6%
Northwest
Territory
30.5%
Northern
Europe
30.3%
Quebec
30.2%
Congo
29.3%
Mongolia
28.2%
Afghanistan
24.6%
Ontario
22.6%
Irkutsk
17.8%
Yakutsk
17.8%

You're not logged in!

Compare scores with friends on all Sporcle quizzes.
OR
Log In

Sporcle TV

Today on Sporcle TV


Watch our educational content, quiz creation guides, and fun videos on Sporcle TV.

Show Comments

Extras

Top Quizzes Today


Score Distribution

Your Account Isn't Verified!

In order to create a playlist on Sporcle, you need to verify the email address you used during registration. Go to your Sporcle Settings to finish the process.

Report this User

Report this user for behavior that violates our Community Guidelines.

Details: